| 000 | 01461nam2a2200289 4500 | ||
|---|---|---|---|
| 001 | RU\NLR\bibl\892189 | ||
| 005 | 20250614172935.0 | ||
| 010 |
_a5-8158-0515-7 _9260 |
||
| 021 |
_aRU _b2005-65993 _93247 |
||
| 035 | _a(NLR Aleph) 000880680 | ||
| 090 |
_a1656947 _c1656947 |
||
| 100 | _a20051222d2005 |||y0rusy50 ca | ||
| 101 | 0 | _arus | |
| 102 | _aRU | ||
| 105 | _aa ||||||||| | ||
| 200 | 0 |
_aВып. 12, ч. 1 _e[материалы XII Всероссийской конференции _fредкол.: Грунин Ю.Б. и др.] |
|
| 210 |
_aЙошкар-Ола _cМарийский государственный технический университет [и др.] _d2005 |
||
| 215 |
_a443 с. _cил. |
||
| 300 | _aВ надзаг.: М-во образования и науки РФ, Рос. акад. наук, Рос. акад. естеств. наук [и др.] | ||
| 320 | _aБиблиогр. в конце ст. | ||
| 320 | _aАвт. указ.: с. 429-434 | ||
| 461 | 0 |
_1001RU\NLR\bibl\546009 _12001#$aСтруктура и динамика молекулярных систем$vВып. 12, ч. 1 _91396274 _cКазань _d2003 _f[Редкол.: Скирда В.Д. - пред. и др.] _nКазан. гос. ун-т _oСб. ст. _tСтруктура и динамика молекулярных систем _vВып. 12, ч. 1 |
|
| 801 | 0 |
_aRU _bNLR _c20051222 _grcr |
|
| 801 | 1 |
_aRU _bNLR _c20051222 |
|
| 942 | _cBOOK | ||
| 980 | _aNB | ||